New Zealand Rugby All Blacks - Most Frequent Northern Hemisphere Opponents - Statistics

General Stats
  • This quiz has been taken 79 times
    25 since last reset
  • The average score is 5 of 12
Answer Stats
Games against NZ Country Player % Correct
14 Ireland/Lions Brian O'Driscoll
86%
15 Wales/Lions Alun-Wyn Jones
71%
14 Wales/Lions Stephen Jones
71%
13 Ireland/Lions Jonny Sexton
67%
13 Ireland/Lions Ronan O'Gara
52%
12 Ireland Rory Best
48%
14 Wales/Lions Gethin Jenkins
33%
12 France Thierry Dusautoir
33%
12 Ireland Rob Kearney
19%
12 Ireland/Lions Donncha O'Callaghan
10%
12 France Serge Blanco
10%
13 France Dimitri Szarzewski
0%
No matching quizzes found
Score Distribution
Percent of People with Each Score
Percentile by Number Answered
Your Score History
You have not taken this quiz since the last reset